<?xml version="1.0" encoding="UTF-8"?>
<record
    xmlns:xsi="http://www.w3.org/2001/XMLSchema-instance"
    xsi:schemaLocation="http://www.loc.gov/MARC21/slim http://www.loc.gov/standards/marcxml/schema/MARC21slim.xsd"
    xmlns="http://www.loc.gov/MARC21/slim">

  <leader>01254nam a2200301 i 4500</leader>
  <controlfield tag="001">47612</controlfield>
  <controlfield tag="003">ES-MaACL</controlfield>
  <controlfield tag="005">20240221123528.0</controlfield>
  <controlfield tag="007">t|</controlfield>
  <controlfield tag="008">000216s2001    sp           ||||0| spa</controlfield>
  <datafield tag="020" ind1=" " ind2=" ">
    <subfield code="a">84-8016-339-9</subfield>
  </datafield>
  <datafield tag="080" ind1=" " ind2=" ">
    <subfield code="a">(038)=133.1=134.2</subfield>
  </datafield>
  <datafield tag="100" ind1="1" ind2=" ">
    <subfield code="a">Garc&#xED;a-Pelayo y Gross, Ram&#xF3;n.</subfield>
    <subfield code="9">55096</subfield>
  </datafield>
  <datafield tag="245" ind1="1" ind2="0">
    <subfield code="a">Gran diccionario espa&#xF1;ol-franc&#xE9;s, franc&#xE9;s-espa&#xF1;ol / </subfield>
    <subfield code="c">por Ram&#xF3;n Garc&#xED;a-Pelayo y Gross y Jean Testas, con la colaboraci&#xF3;n de Micheline Durand, Fernando Garc&#xED;a-Pelayo y Gross, Jean-Paul Vidal.</subfield>
  </datafield>
  <datafield tag="260" ind1=" " ind2=" ">
    <subfield code="a">Barcelona : </subfield>
    <subfield code="b">Larousse, </subfield>
    <subfield code="c">[2001]</subfield>
  </datafield>
  <datafield tag="300" ind1=" " ind2=" ">
    <subfield code="a">XIV, 850, 62, 716 p. ; </subfield>
    <subfield code="c">27 cm.</subfield>
  </datafield>
  <datafield tag="500" ind1=" " ind2=" ">
    <subfield code="a">Port. adicional en franc&#xE9;s.</subfield>
  </datafield>
  <datafield tag="650" ind1=" " ind2="4">
    <subfield code="a">Lengua espa&#xF1;ola-</subfield>
    <subfield code="v">Diccionarios-</subfield>
    <subfield code="x">Franc&#xE9;s.</subfield>
    <subfield code="9">14145</subfield>
  </datafield>
  <datafield tag="650" ind1=" " ind2="4">
    <subfield code="a">Lengua francesa-</subfield>
    <subfield code="v">Diccionarios-</subfield>
    <subfield code="x">Espa&#xF1;ol.</subfield>
    <subfield code="9">14213</subfield>
  </datafield>
  <datafield tag="700" ind1="1" ind2=" ">
    <subfield code="a">Testas, Jean.</subfield>
    <subfield code="9">109834</subfield>
  </datafield>
  <datafield tag="700" ind1="1" ind2=" ">
    <subfield code="a">Durand, Micheline.</subfield>
    <subfield code="9">46256</subfield>
  </datafield>
  <datafield tag="700" ind1="1" ind2=" ">
    <subfield code="a">Garc&#xED;a-Pelayo y Gross, Fernando.</subfield>
    <subfield code="9">55095</subfield>
  </datafield>
  <datafield tag="700" ind1="1" ind2=" ">
    <subfield code="a">Vidal, Jean-Paul.</subfield>
    <subfield code="9">114436</subfield>
  </datafield>
  <datafield tag="852" ind1="4" ind2=" ">
    <subfield code="a">ES-MaACL</subfield>
    <subfield code="9">49408 </subfield>
    <subfield code="b">R.132499</subfield>
    <subfield code="j">Meset&#xF3;n</subfield>
    <subfield code="x">Expurgado en 2022: ejemplar deteriorado</subfield>
    <subfield code="c">DEPOJ</subfield>
  </datafield>
  <datafield tag="852" ind1="4" ind2=" ">
    <subfield code="a">ES-MaACL</subfield>
    <subfield code="9">49407 </subfield>
    <subfield code="j">A-15169</subfield>
    <subfield code="c">DEPO1</subfield>
    <subfield code="d">Olim: DIC-L 133.1=134.2 GAR gra</subfield>
  </datafield>
  <datafield tag="942" ind1=" " ind2=" ">
    <subfield code="2">udc</subfield>
    <subfield code="c">MONOGRAFIA</subfield>
  </datafield>
  <datafield tag="999" ind1=" " ind2=" ">
    <subfield code="c">47612</subfield>
    <subfield code="d">47612</subfield>
  </datafield>
  <datafield tag="952" ind1=" " ind2=" ">
    <subfield code="0">0</subfield>
    <subfield code="1">0</subfield>
    <subfield code="2">udc</subfield>
    <subfield code="4">0</subfield>
    <subfield code="7">0</subfield>
    <subfield code="8">Colecci&#xF3;n_de_referencia </subfield>
    <subfield code="a">ATENEOM</subfield>
    <subfield code="b">ATENEOM</subfield>
    <subfield code="c">DEPO1</subfield>
    <subfield code="d">2022-09-22</subfield>
    <subfield code="l">0</subfield>
    <subfield code="o">A-15169</subfield>
    <subfield code="p">1203742</subfield>
    <subfield code="r">2023-02-23 00:00:00</subfield>
    <subfield code="w">2023-02-23</subfield>
    <subfield code="y">MONOGRAFIA</subfield>
  </datafield>
</record>
